00377nam a2200181Ia 4500003000900000008004100009040001300050040001300063041000800076100002400084245002400108250001300132260001400145260000900159300001100168300001000179490000600189IT-RoPAU120407s9999 xx 000 0 und d aIT-RoPAU cIT-RoPAU aita aPier Paolo Pasolini aOdore dell’India. aMilano  aLonganesi c1971 a112 p. c18 cm v1